000
00227nam a2200109Ia 4500
008
190216s9999||||xx |||||||||||||| ||und||
100
_a
Kovilan
245
0
_a
Ezhamedangal
260
_b
Dc Books
650
_a
Novel
942
_c
BK
999
_c
23754
_d
23754